Fichas biográficas de los funcionarios norteamericanos responsables de la política de Estados Unidos hacia México, Centroamérica y el Caribe
Gorde:
| Formatua: | Texto |
|---|---|
| Argitaratua: |
s.l.:
Centro de Estudios Económicos y Sociales del Tercer Mundo
|
| Etiketak: |
Etiketa erantsi
Etiketarik gabe, Izan zaitez lehena erregistro honi etiketa jartzen!
|
MARC
| LEADER | 00000 a a2200000 04500 | ||
|---|---|---|---|
| 001 | 24875 | ||
| 003 | |||
| 040 | |||
| 090 | |a 178900 | ||
| 245 | |a Fichas biográficas de los funcionarios norteamericanos responsables de la política de Estados Unidos hacia México, Centroamérica y el Caribe | ||
| 260 | |a s.l.: |b Centro de Estudios Económicos y Sociales del Tercer Mundo | ||
| 300 | |a pp. 224-232 | ||
| 999 | |c 16205 |d 16205 | ||
